ரிதம்

Saved in:
Bibliographic Details
Main Author: உஷாந்தி
Format: Book
Language:English
Published: சென்னை அறிவு நிலையம் பதிப்பகம் 2021
Tags: Add Tag
No Tags, Be the first to tag this record!

MARC

LEADER 00000nam a22000007a 4500
005 20251103113618.0
008 251103b |||||||| |||| 00| 0 eng d
020 |a - 
082 |a 894.8113  |b உஷாந் 
100 |a உஷாந்தி 
245 |a ரிதம்  |c உஷாந்தி 
260 |a சென்னை  |b அறிவு நிலையம் பதிப்பகம்  |c 2021 
300 |a 492 
942 |c BK 
999 |c 16295  |d 16295